NCAA Logo #11 - Statistics

General Stats
  • This quiz has been taken 27 times
  • The average score is 12 of 16
Answer Stats
Picture Answer % Correct
Kentucky
100%
Louisiana State
100%
Northern Kentucky
100%
Mount Saint Mary’s
93%
Texas Christian
93%
Cornell
80%
Nevada
80%
Tennessee State
80%
Bucknell
67%
Charleston Southern
67%
Denver
67%
Maryland Eastern
67%
Morehead State
67%
Eastern Illinois
60%
Hofstra
60%
Texas Permian Basin
13%
No matching quizzes found
Score Distribution
Percent of People with Each Score
Percentile by Number Answered
Your Score History
You have not taken this quiz